000
00256nam a2200109Ia 4500
008
231212s1977 xx 000 0 und d
041
_a
eng
082
_a
515.1
100
_a
Epifanow G.I.
245
_a
Solid State Physics
260
_a
Mascow
_b
Mir Pub
_c
1977
999
_c
958419
_d
958419